Sports Quiz

Random Sports or MLB Quiz

MLB Home Run Derby Players Quiz Stats

 Plays Quiz not verified by Sporcle

Challenge
Share
Tweet
Embed
Score 0/150 Timer 10:00
0 Plays Today
Team Player % Correct
Chicago CubsSammy Sosa
96.4%
Detroit TigersCecil Fielder
95.5%
Milwaukee BrewersPrince Fielder
95.5%
Detroit TigersPrince Fielder
95.5%
Seattle MarinersKen Griffey
94.5%
Texas RangersJuan Gonzalez
94.5%
Cincinnati RedsKen Griffey
94.5%
Arizona DiamondbacksLuis Gonzalez
94.5%
San Diego PadresAdrian Gonzalez
94.5%
Boston Red SoxAdrian Gonzalez
94.5%
Colorado RockiesCarlos Gonzalez
94.5%
Oakland AthleticsMark McGwire
93.6%
St. Louis CardinalsMark McGwire
93.6%
Boston Red SoxDavid Ortiz
93.6%
Atlanta BravesAndruw Jones
93.6%
Pittsburgh PiratesBarry Bonds
92.7%
San Francisco GiantsBarry Bonds
92.7%
Washington/MontrealHenry Rodriguez
92.7%
Seattle MarinersAlex Rodriguez
92.7%
Texas RangersIvan Rodriguez
92.7%
Texas RangersAlex Rodriguez
92.7%
Detroit TigersIvan Rodriguez
92.7%
Houston AstrosJeff Bagwell
91.8%
Cleveland IndiansManny Ramirez
90.9%
Cleveland IndiansJim Thome
90.9%
Philadelphia PhilliesJim Thome
90.9%
Minnesota TwinsJustin Morneau
90.9%
Miami MarlinsHanley Ramirez
90.9%
Chicago White SoxFrank Thomas
90%
Houston AstrosLance Berkman
90%
Philadelphia PhilliesRyan Howard
90%
Miami MarlinsMiguel Cabrera
90%
Detroit TigersMiguel Cabrera
90%
Baltimore OriolesCal Ripken
89.1%
St. Louis CardinalsAlbert Pujols
89.1%
Los Angeles DodgersMatt Kemp
89.1%
Colorado RockiesTodd Helton
88.2%
Washington/MontrealLarry Walker
86.4%
Baltimore OriolesBrady Anderson
86.4%
Colorado RockiesLarry Walker
86.4%
Los Angeles AngelsGarret Anderson
86.4%
Oakland AthleticsJose Canseco
85.5%
New York YankeesTino Martinez
85.5%
Seattle MarinersEdgar Martinez
85.5%
Washington/MontrealVladimir Guerrero
85.5%
Los Angeles AngelsVladimir Guerrero
85.5%
New York YankeesRobinson Cano
85.5%
Cleveland IndiansAlbert Belle
84.5%
Toronto Blue JaysGeorge Bell
83.6%
Chicago CubsGeorge Bell
83.6%
Team Player % Correct
Oakland AthleticsJason Giambi
83.6%
New York YankeesJason Giambi
83.6%
Milwaukee BrewersRyan Braun
82.7%
Toronto Blue JaysCarlos Delgado
81.8%
Tampa Bay RaysEvan Longoria
81.8%
Minnesota TwinsJoe Mauer
81.8%
Toronto Blue JaysJose Bautista
81.8%
Toronto Blue JaysJoe Carter
80.9%
Los Angeles DodgersMike Piazza
80.9%
Texas RangersJosh Hamilton
80.9%
Chicago CubsAndre Dawson
80%
San Diego PadresGary Sheffield
80%
Miami MarlinsGary Sheffield
80%
Atlanta BravesGary Sheffield
80%
Tampa Bay RaysCarlos Pena
80%
Colorado RockiesDante Bichette
79.1%
Colorado RockiesMatt Holliday
79.1%
St. Louis CardinalsMatt Holliday
79.1%
St. Louis CardinalsCarlos Beltran
79.1%
Boston Red SoxMo Vaughn
78.2%
Milwaukee BrewersGreg Vaughn
78.2%
Chicago White SoxPaul Konerko
77.3%
Baltimore OriolesMiguel Tejada
77.3%
New York MetsDarryl Strawberry
76.4%
San Diego PadresFred McGriff
76.4%
Atlanta BravesFred McGriff
76.4%
Chicago White SoxJermaine Dye
76.4%
New York MetsDavid Wright
75.5%
Detroit TigersMagglio Ordonez
75.5%
Philadelphia PhilliesChase Utley
75.5%
Chicago CubsRyne Sandberg
74.5%
Baltimore OriolesRafael Palmeiro
74.5%
Cincinnati RedsEric Davis
73.6%
Houston AstrosGlenn Davis
73.6%
Colorado RockiesVinny Castilla
73.6%
Pittsburgh PiratesAndrew McCutchen
73.6%
San Francisco GiantsMatt Williams
72.7%
Atlanta BravesDavid Justice
72.7%
Philadelphia PhilliesBobby Abreu
71.8%
Baltimore OriolesEddie Murray
70.9%
Cleveland IndiansGrady Sizemore
70.9%
Arizona DiamondbacksChris Young
70.9%
New York MetsHoward Johnson
70%
Seattle MarinersJay Buhner
70%
Milwaukee BrewersRichie Sexson
70%
Minnesota TwinsTorii Hunter
70%
Pittsburgh PiratesJason Bay
70%
Atlanta BravesDale Murphy
69.1%
Texas RangersMark Teixeira
69.1%
Los Angeles AngelsMark Trumbo
69.1%
Team Player % Correct
Seattle MarinersBret Boone
68.2%
Toronto Blue JaysVernon Wells
68.2%
St. Louis CardinalsJim Edmonds
67.3%
Pittsburgh PiratesBobby Bonilla
66.4%
New York MetsBobby Bonilla
66.4%
Toronto Blue JaysShawn Green
66.4%
Texas RangersNelson Cruz
66.4%
Boston Red SoxNomar Garciaparra
64.5%
Los Angeles AngelsTroy Glaus
64.5%
Toronto Blue JaysTroy Glaus
64.5%
Milwaukee BrewersCory Hart
64.5%
Boston Red SoxJim Rice
63.6%
Colorado RockiesEllis Burks
63.6%
San Francisco GiantsKevin Mitchell
62.7%
Miami MarlinsDan Uggla
62.7%
Cincinnati RedsRon Gant
61.8%
Kansas City RoyalsBo Jackson
60%
Detroit TigersBrandon Inge
60%
St. Louis CardinalsJack Clark
59.1%
Milwaukee BrewersCarlos Lee
59.1%
Minnesota TwinsGary Gaetti
58.2%
Milwaukee BrewersRickie Weeks
58.2%
Toronto Blue JaysAlex Rios
53.6%
Houston AstrosMoises Alou
52.7%
New York YankeesNick Swisher
52.7%
Atlanta BravesChipper Jones
51.8%
Milwaukee BrewersJeremy Burnitz
50%
Cincinnati RedsDave Parker
49.1%
Texas RangersRuben Sierra
48.2%
Cincinnati RedsChris Sabo
48.2%
Oakland AthleticsRuben Sierra
48.2%
Chicago White SoxCarlton Fisk
46.4%
Toronto Blue JaysJesse Barfield
45.5%
Kansas City RoyalsDanny Tartabull
45.5%
Cincinnati RedsPaul O'Neill
45.5%
St. Louis CardinalsRay Lankford
44.5%
Texas RangersHank Blalock
44.5%
Los Angeles AngelsWally Joyner
43.6%
Los Angeles DodgersRaul Mondesi
43.6%
Cincinnati RedsReggie Sanders
38.2%
Minnesota TwinsTom Brunansky
34.5%
Boston Red SoxCarl Everett
32.7%
Oakland AthleticsJohn Jaha
30.9%
San Diego PadresSteve Garvey
29.1%
Baltimore OriolesMickey Tettleton
26.4%
Baltimore OriolesB.J. Surhoff
26.4%
Los Angeles DodgersHee-Seop Choi
26.4%
Detroit TigersDamion Easley
23.6%
Washington/MontrealHubie Brooks
19.1%
Atlanta BravesOzzie Virgil
14.5%

You're not logged in!

Compare scores with friends on all Sporcle quizzes.
OR
Log In

You Might Also Like...

Show Comments

Extras

Top Quizzes Today


Score Distribution

Your Account Isn't Verified!

In order to create a playlist on Sporcle, you need to verify the email address you used during registration. Go to your Sporcle Settings to finish the process.

Report this User

Report this user for behavior that violates our Community Guidelines.

Details: